Estadísticas para Países hispanoparlantes

Haz click aquí para tomar la prueba!

Estadísticas generales

  • Esta prueba ha sido tomada 192 veces
  • La puntuación promedio es 18 de 20

Estadísticas de respuestas

CapitalPaís% Correcto
MadridEspaña
100%
MéxicoMéxico
99%
GuatemalaGuatemala
97%
LimaPerú
97%
CaracasVenezuela
97%
Buenos AiresArgentina
96%
SantiagoChile
94%
BogotáColombia
94%
San SalvadorEl Salvador
93%
PanamáPanama
93%
AsunciónParaguay
93%
MontevideoUruguay
93%
La Paz, SucreBolivia
92%
La HabanaCuba
92%
QuitoEcuador
92%
San JoséCosta Rica
87%
ManaguaNicaragua
87%
TegucigalpaHonduras
86%
Santo DomingoRepública Dominicana
85%
MalaboGuinea Ecuatorial
59%

Distribución de puntuación

Porcentaje por número respondido

Porcentaje de gente con cada puntuación

Historial de tus puntuaciones

No has tomado esta prueba